| 000 | 00919nam a22002537a 4500 | ||
|---|---|---|---|
| 999 |
_c8286 _d8286 |
||
| 003 | AR-CdUCM | ||
| 008 | 190322b ||||| |||| 00| 0 spa d | ||
| 020 | _a84-7193-016-1 | ||
| 040 |
_aMUNICIPALIDAD PROVINCIAL DEL CUSCO _cBIBLIOTECA MUNICIPAL DEL CUSCO |
||
| 041 | _heng | ||
| 082 |
_a618.92 / _bW72 |
||
| 100 |
_aWilliams, I. G. _923306 |
||
| 245 | _aTumores en el niño / | ||
| 260 |
_aBarcelona : _bJims, _c1973. |
||
| 300 |
_a223 páginas ; _bIlustraciones, _c25 cm. |
||
| 500 | _aTitulo original: Tumours of childhood. | ||
| 505 | _aCoordinación en el tratamiento de los niños con cáncer -- Aspectos asistenciales del tratamiento hospitalario -- Los problemas del tratamiento, cirugía -- Radioterapia ... | ||
| 650 |
_aTratamiento quirúrgico _919856 |
||
| 650 |
_aRadioterapia _923307 |
||
| 650 |
_aQuimioterapia _923308 |
||
| 700 |
_aA. Garrido, Juan _923309 |
||
| 942 |
_2ddc _cLIBROS |
||
| 945 | _aacv | ||